000 00371nam a2200157Ia 4500
005 20240807062212.0
008 240806s9999||||xx |||||||||||||| ||eng||
041 _aeng
082 _a300.72
_bDASP
100 _aDas Lal D.K.
245 0 _aPractice of socal resend /
_cDas Lal D.K.
260 _bRawat Pub. Jaypur
300 _a367
650 _aSociology
942 _cBK
999 _c11576
_d11576